Vincitori della PL dal 1888 al 2025 #1 - Statistics

Statistiche generali
  • Questo quiz è stato fatto 14 volte
  • Il punteggio medio è 14 su 26
Statistiche sulle risposte
Stagione Squadra % Corretto
1904/05 Newcastle United
79%
1906/07 Newcastle United
79%
1908/09 Newcastle United
79%
1900/01 Liverpool
71%
1905/06 Liverpool
71%
1907/08 Manchester United
71%
1910/11 Manchester United
71%
1893/94 Aston Villa
64%
1895/96 Aston Villa
64%
1896/97 Aston Villa
64%
1898/99 Aston Villa
64%
1899/00 Aston Villa
64%
1909/10 Aston Villa
64%
1897/98 Sheffield United
57%
1890/91 Everton
50%
1891/92 Sunderland
36%
1892/93 Sunderland
36%
1894/95 Sunderland
36%
1901/02 Sunderland
36%
1912/13 Sunderland
36%
1911/12 Blackburn Rovers
29%
1913/14 Blackburn Rovers
29%
1888/89 Preston North End
29%
1889/90 Preston North End
29%
1902/03 Sheffield Wednesday
29%
1903/04 Sheffield Wednesday
29%
Nessun quiz corrispondente trovato
Distribuzione punteggi
Percentuale di utenti per punteggio
Percentile per numero di risposta
I tuoi punteggi nel tempo
Non hai fatto questo quiz